| 000 | 01078naa a22002777a 4500 | ||
|---|---|---|---|
| 001 | BR6009355 | ||
| 003 | BR-BrBNA | ||
| 005 | 20240918173011.0 | ||
| 007 | ta | ||
| 008 | 230509b bl.||||| |||| 00| 0 por d | ||
| 040 |
_aBR-BrBNA _bpor _cBiblioteca Nacional de Agricultura |
||
| 041 | _a(Pt) | ||
| 072 |
_aK20 _b/G514 _bGZ72 |
||
| 090 | _aK20 BR6009355 | ||
| 100 | 1 | _aMagalhaes, E.P. | |
| 111 | 1 |
_a1. Consulta sobre Economia Florestal no Brasil _cRio de Janeiro, GB (Brazil) _d27 Nov 1972 |
|
| 245 | 1 | _aReflexoes economicas sobre o uso da terra com enfase no setor florestal [Administracao florestal] | |
| 260 | 3 |
_aRio de Janeiro, GB (Brasil): _c1972. |
|
| 500 | _a1. Consulta sobre Economia Florestal no Brasil Rio de Janeiro, GB (Brasil): 1972. p. 111-119 (BR6009355-AM)K20 | ||
| 650 | _aAdministracao florestal | ||
| 650 | _aEconomia florestal | ||
| 650 | _aUso da terra | ||
| 773 | 0 |
_t1. Consulta sobre Economia Florestal no Brasil _b _wK20 BR6009355 _gRio de Janeiro, GB (Brasil), 1972. p. 111-119 |
|
| 909 |
_a202404 _bLucia _c55 _dLucia Elande |
||
| 942 |
_cAM _2AGRIS |
||
| 999 |
_c302440 _d302440 |
||